| 000 | 00708cam a2200253 4500 | ||
|---|---|---|---|
| 008 | 090401t1991 xxu||||| |||| 00| 0 eng d | ||
| 020 | _a0851255094 | ||
| 035 | _a(Sirsi) u29806 | ||
| 041 | _aeng | ||
| 050 | _a690 | ||
| 110 | _aBuilding Research Establishment | ||
| 245 | _aFire modelling. | ||
| 260 |
_aGarston, Watford _bBuilding Research Establishment _c1991 |
||
| 300 | _a8p. : ill. ; 30cm. | ||
| 350 | _a0 | ||
| 490 |
_aBRE Digest _v367 |
||
| 520 | _aSuperseded by 2004 edition (ISBN 1860817289). | ||
| 650 | _aCOMPUTER MODELLING | ||
| 650 | _aFIRE SIMULATION | ||
| 650 | _aFIRE | ||
| 690 | _aBUILT ENVIRONMENT-BUILDING STANDARDS-FIRE REGULATIONS | ||
| 942 | _n0 | ||
| 948 | _c04/03/1997 | ||
| 999 |
_c89457 _d89457 |
||